La selva de los símbolos (Record no. 147052)

MARC details
000 -LEADER
campo de control de longitud fija 00727nam a2200205 i 4500
001 - NÚMERO DE CONTROL
campo de control 147052
003 - IDENTIFICADOR DE NÚMERO DE CONTROL
campo de control ES-MaACL
005 - FECHA Y HORA DE LA ÚLTIMA TRANSACCIÓN
campo de control 20230906201801.0
007 - CAMPO FIJO DE DESCRIPCIÓN FÍSICA--INFORMACIÓN GENERAL
campo de control de longitud fija t|
008 - DATOS DE LONGITUD FIJA--INFORMACIÓN GENERAL
campo de control de longitud fija 070920s1980 mx ||||1| spa d
080 ## - NÚMERO DE LA CLASIFICACIÓN DECIMAL UNIVERSAL
Número de la Clasificación Decimal Universal 329/393(=96 Ndembu)
100 1# - ENTRADA PRINCIPAL--NOMBRE DE PERSONA
Nombre de persona Turner, Victor.
9 (RLIN) 111746
245 13 - MENCIÓN DEL TÍTULO
Título La selva de los símbolos
Resto del título : aspectos del ritual ndembu /
Mención de responsabilidad, etc. Victor Turner ; [traduccíón de Ramón Valdés del Toro y Alberto Cardín Garay].
260 ## - PUBLICACIÓN, DISTRIBUCIÓN, ETC.
Lugar de publicación, distribución, etc. México, etc. :
Nombre del editor, distribuidor, etc. Siglo Veintiuno,
Fecha de publicación, distribución, etc. 1980.
300 ## - DESCRIPCIÓN FÍSICA
Extensión 445 p. con lám. ;
Dimensiones 21 cm.
650 14 - PUNTO DE ACCESO ADICIONAL DE MATERIA--TÉRMINO DE MATERIA
Término de materia o nombre geográfico como elemento de entrada Ndembu (Pueblo africano)-
Subdivisión general Folklore.
9 (RLIN) 15507
700 1# - ENTRADA AGREGADA--NOMBRE PERSONAL
Nombre de persona Valdés del Toro, Ramón.
9 (RLIN) 112520
700 1# - ENTRADA AGREGADA--NOMBRE PERSONAL
Nombre de persona Cardín, Alberto.
9 (RLIN) 35165
852 ## - LOCALIZACIÓN
Ubicación ES-MaACL
Número de control de estantería L-682
Sublocalización o colección R.101096
Holdings
Estatus retirado Estado de pérdida Estado de daño No para préstamo Biblioteca de origen Biblioteca actual Ubicación en estantería Fecha de adquisición Fuente de adquisición Total de préstamos Signatura topográfica completa Código de barras Visto por última vez Precio de reemplazo Tipo de ítem Koha
        Biblioteca del Ateneo de Madrid Biblioteca del Ateneo de Madrid Depósito 2 17/01/2008     L-682 1153465 23/02/2023 23/02/2023 Libro impreso